书目信息 |
| 题名: |
英文字根字典
|
|
| 作者: | 刘毅 主编 | |
| 分册: | ||
| 出版信息: | 北京 外文出版社 2007.01 |
|
| 页数: | IV, 735页 | |
| 开本: | 21cm | |
| 丛书名: | ||
| 单 册: | ||
| 中图分类: | H314.1-61 | |
| 科图分类: | ||
| 主题词: | 英语--ying yu--词根--词典 | |
| 电子资源: | ||
| ISBN: | 978-7-119-04807-9 | |
| 000 | 00881nam0 2200253 450 | |
| 001 | 012008432376 | |
| 005 | 20080509161634.85 | |
| 010 | @a978-7-119-04807-9@dCNY32.00 | |
| 100 | @a20080509d2007 em y0chiy0120 ea | |
| 101 | 0 | @achi@aeng |
| 102 | @aCN@b110000 | |
| 105 | @ay e 001yy | |
| 106 | @ar | |
| 200 | 1 | @a英文字根字典@Aying wen zi gen zi dian@d= A dictionary of English word roots@f刘毅主编@Fliu yi zhu bian@zeng |
| 210 | @a北京@c外文出版社@d2007.01 | |
| 215 | @aIV, 735页@d21cm | |
| 320 | @a有索引 | |
| 330 | @a本书收录了TOEFL、GRE考试中常出现的生僻词,按照字首、字尾和字根对所收录的单词进行分类,并对收录单词进行了音节分析和字源分析。 | |
| 510 | 1 | @aDictionary of English word roots@zeng |
| 606 | 0 | @a英语@Aying yu@x词根@j词典 |
| 690 | @aH314.1-61@v4 | |
| 701 | 0 | @a刘毅@Aliu yi@4主编 |
| 801 | 0 | @aCN@bQSSK@c20080509 |
| 905 | @b709268-70@dH314.1-61@eL713@f3 | |
| 英文字根字典= A dictionary of English word roots/刘毅主编.-北京:外文出版社,2007.01 |
| IV, 735页;21cm |
| ISBN 978-7-119-04807-9:CNY32.00 |
| 本书收录了TOEFL、GRE考试中常出现的生僻词,按照字首、字尾和字根对所收录的单词进行分类,并对收录单词进行了音节分析和字源分析。 |
| ● |
| 相关链接 |
|
|
|
正题名:英文字根字典
索取号:H314.1-61/L713
 
预约/预借
| 序号 | 登录号 | 条形码 | 馆藏地/架位号 | 状态 | 备注 |
| 1 | 709268 | 207092689 | 语言库209/209语言库 33排4列2层/ [索取号:H314.1-61/L713] | 在馆 | |
| 2 | 709269 | 207092698 | 语言库209/209语言库 35排7列2层/ [索取号:H314.1-61/L713] | 在馆 | |
| 3 | 709270 | 207092705 | 语言库209/209语言库 35排7列2层/ [索取号:H314.1-61/L713] | 在馆 |